| 000 | 02476nam a2200217Ia 4500 | ||
|---|---|---|---|
| 999 |
_c33790 _d33790 |
||
| 003 | OSt | ||
| 005 | 20210622114656.0 | ||
| 008 | 160316s2013 xxu||||| |||| 00| 0 eng d | ||
| 020 | _a9781107033481 | ||
| 040 | _cn | ||
| 082 |
_a341.522000 _bCOR |
||
| 100 | _aCordero-Moss Giuditta | ||
| 245 | _aInternational commercial arbitration : Different forms and their features | ||
| 260 |
_aCambridge _bCambridge University Press _c2013 |
||
| 300 |
_a442p _cvii |
||
| 365 | _b Rs. 6,660 | ||
| 505 | _aTable of contents Introduction; Part I. Arbitration Law's Significance for International Disputes: 1. International arbitration is not only international Giuditta Cordero-Moss; 2. International arbitration and domestic law Luca Radicati di Brozolo; Part II. Ad Hoc Arbitration: 3. Ad hoc arbitration v. institutional arbitration Carita Wallgren-Linholm; 4. The UNCITRAL arbitration rules and their use in ad hoc arbitration Corinne Montineri; Part III. Institutional Arbitration: Features of Selected Arbitration Institutions in Europe: 5. Arbitration in Austria: features of the International Arbitral Centre of the Austrian Federal Economic Chamber (VIAC) Werner Melis; 6. Arbitration in Denmark: features Georg Lett; 7. Arbitration in Germany: features of the German Institution of Arbitration Jens Bredow; 8. Arbitration in Italy: features of the Milan Chamber of Arbitration Stefano Azzali; 9. Arbitration under the rules of the International Chamber of Commerce Simon Greenberg and Anders Ryssdal; 10. Arbitration in London: features of the London Court of International Arbitration Johannes Koepp, Dorine Farah and Peter Webster; 11. Arbitration in Norway: features of the Oslo Chamber of Commerce Stephen Knudtzon; 12. Arbitration in Russia: features of the International Arbitration Court at the Chamber of Commerce and Industry of the Russian Federation Alexander Komarov; 13. Arbitration in Sweden: features of the Stockholm rules Henrik Fieber and Eva Storskrubb; 14. Arbitration under the Swiss rules Daniel Wehrli and Marco Stacher; Part IV. New Trends in International Arbitration: 15. 'Domesticating' the New York convention: the impact of the U.S. federal arbitration act George Bermann; 16. New trends in international commercial arbitration in Latin America Diego Fernandez Arroyo. | ||
| 650 | _a1. International Law - Commercial Arbitration2. International Commercial Arbitration | ||
| 700 |
_a _a |
||
| 942 |
_2ddc _cBK |
||